Response of plants to multiple stresses /
Guardado en:
| Otros Autores: | |
|---|---|
| Formato: | Libro |
| Idioma: | English |
| Publicado: |
San Diego :
Academic Press,
c1991.
|
| Etiquetas: |
Agregar Etiqueta
Sin Etiquetas, Sea el primero en etiquetar este registro!
|
| LEADER | 00547nam a22001575a 4500 | ||
|---|---|---|---|
| 001 | EEA.libagro006249 | ||
| 005 | 20161020114811.0 | ||
| 008 | 130809s1991####xxua#####b####000#0#eng#d | ||
| 020 | |a 012505355X | ||
| 082 | 0 | 4 | |a 581.2 |
| 245 | 0 | 0 | |a Response of plants to multiple stresses / |c edited by Harold A. Mooney ... [et al.]. |
| 260 | |a San Diego : |b Academic Press, |c c1991. | ||
| 300 | |a xiv, 422 p. : |b il. ; |c 24 cm. | ||
| 504 | |a Incluye referencias bibliográficas e índice. | ||
| 700 | 1 | |a Mooney, Harold A. | |
| 859 | |a AR-BbBCA |b BIB. AGRONOMIA |h 581.2 |i M818 |p 1999/3610 | ||
